|
|
|
|
| LEADER |
00000nas a2200000 a 4500 |
| 001 |
ssj0000394470 |
| 003 |
WaSeSS |
| 005 |
20200512172242.0 |
| 006 |
m d |
| 007 |
cr n |
| 008 |
101005c20039999bl qr p s 0 0por c |
| 010 |
|
|
|a 2012267075
|
| 022 |
|
|
|a 1679-3951
|l 1679-3951
|
| 035 |
|
|
|a (WaSeSS)ssj0000394470
|
| 040 |
|
|
|a WaSeSS
|b eng
|c CUD
|d NTE
|d OCLCQ
|d DOS
|d CUS
|d OCLCQ
|d OCLCF
|d OCLCQ
|d OCLCO
|d OCLCQ
|d WaSeSS
|
| 041 |
0 |
|
|a por
|b eng
|
| 042 |
|
|
|a pcc
|
| 050 |
1 |
4 |
|a HD28
|b .C165 online
|
| 210 |
0 |
|
|a Cad. EBAPE. BR
|
| 222 |
|
0 |
|a Cadernos EBAPE. BR
|
| 245 |
0 |
0 |
|a Cadernos EBAPE. BR
|h [electronic resource].
|
| 246 |
3 |
|
|a Cadernos Escola Brasileira de Administração Pública e de Empresas. BR
|
| 260 |
|
|
|a Rio de Janeiro/RJ, Brasil :
|b Fundação Getúlio Vargas, Escola Brasileira de Administração Pública e de Empresas
|
| 310 |
|
|
|a Quarterly,
|b 2005-
|
| 321 |
|
|
|a Two no. a year,
|b 2003
|
| 321 |
|
|
|a Three no. a year,
|b 2004
|
| 362 |
1 |
|
|a Began with Volume 1, Número 1 (Agosto 2003).
|
| 506 |
|
|
|a License restrictions may limit access.
|
| 515 |
|
|
|a Special issues, called Edição Especial, accompany some volumes.
|
| 538 |
|
|
|a Mode of access: World Wide Web.
|
| 546 |
|
|
|a Articles in Portuguese; abstracts and keywords in English and Portuguese.
|
| 588 |
|
|
|a Description based on: Volume 1, Número 1 (Agosto 2003); title from PDF caption (SciELO Brasil, viewed November 16, 2012).
|
| 588 |
|
|
|a Latest issue consulted: V. 10, no 3 (Set. 2012) (SciELO Brasil, viewed November 16, 2012).
|
| 650 |
|
0 |
|a Management
|v Periodicals.
|
| 650 |
|
0 |
|a Industrial management
|v Periodicals.
|
| 650 |
|
0 |
|a Public administration
|v Periodicals.
|
| 650 |
|
7 |
|a Industrial management.
|2 fast
|0 (OCoLC)fst00971246
|
| 650 |
|
7 |
|a Management.
|2 fast
|0 (OCoLC)fst01007141
|
| 650 |
|
7 |
|a Public administration.
|2 fast
|0 (OCoLC)fst01081976
|
| 655 |
|
0 |
|a Electronic journals.
|
| 710 |
2 |
|
|a Escola Brasileira de Administração Pública e de Empresas.
|
| 710 |
2 |
|
|a Fundação Getúlio Vargas.
|
| 856 |
4 |
0 |
|z Full text available from Research Library: 01/01/2014 to present
|u https://search.proquest.com/publication/2035026
|